| 000 | 00934nam a22001817a 4500 | ||
|---|---|---|---|
| 005 | 20260124094001.0 | ||
| 008 | 230713b ||||| |||| 00| 0 eng d | ||
| 040 |
_cSSBUL _dSSBUL |
||
| 082 |
_223 _a၃၉၀.၀၉၅၉၁ ထူး ၁၅၉၉၆ (S-SAT) |
||
| 100 |
_aထူးယဉ်။ _927928 |
||
| 245 |
_aမြန့်မာယဉ်ကျေးမှု / _cထူးယဉ်။ |
||
| 260 |
_aရန်ကုန်၊ _bပညာကြေးမုံစာပေ၊ _c၁၉၇၃။ |
||
| 300 |
_a၁၇၀ စာမျက်နှာ၊ _bရုပ်ပုံများ၊ _c၂၂ စင်တီ။ |
||
| 500 | _aS-SAT: Dr. Prof Sai Aung Tun | ||
| 650 |
_aယဉ်ကျေးမှုနှင့် ဓလေ့ထုံးစံများ။ _927929 |
||
| 650 |
_aမြန်မာနိုင်ငံ _xလူမှုရေးနှင့် ဓလေ့ထုံးစံ။ _927930 |
||
| 942 |
_2ddc _cBK1 |
||
| 999 |
_c27166 _d27166 |
||